El greco /

Descripción de la obra y de las técnicas pictóricas de El Greco. Detalle de los cuadros más importantes. Concepción del arte pictórico del autor.

Guardado en:
Autor Principal: Morán, M. T.
Formato: Deslizar
Materias:
Etiquetas: Agregar Etiqueta
Sin Etiquetas, Sea el primero en etiquetar este registro!
LEADER 00781ngm a22002175g 4500
001 CEM.cems021478
008 130507b1992##################0###0#####d
005 20240826164138.0
245 1 0 |a El greco /  |c M. T. Morán. 
300 |a 30 
500 |a En soporte VHS, consultar en ventanilla. 
538 |a Soporte: VHS - Norma: Pal N - Color - Grabación Drd 1992 - Hitachi=4542 
520 |a Descripción de la obra y de las técnicas pictóricas de El Greco. Detalle de los cuadros más importantes. Concepción del arte pictórico del autor. 
100 1 |a Morán, M. T. 
082 A 8 |1 /TOR 
653 |a ARTE 
653 |a PINTURA ESPA¥OLA 
653 |a GRECO 
653 |a ESPAÑA 
653 |a ESPAÑA-ARTE 
859 |a CEMS  |b BIB. CEMS - Depto. Recursos Didacticos  |h 861  |i TOR  |k DRD  |p 121.12  |t Ej.1